| 000 | 02255cam a22004814i 4500 | ||
|---|---|---|---|
| 003 | PE-LiUPU | ||
| 005 | 20250731173348.0 | ||
| 008 | 150706s2003 sp rb 000 0 spa d | ||
| 020 | _a8470574450 | ||
| 035 | _a(Sirsi) i9788470574450 | ||
| 040 |
_aPE-LiUPU _bspa _cPE-LiUPU _erda |
||
| 049 | _aPRUA | ||
| 082 | 0 | 4 |
_a226.5 _bB23 _221 |
| 100 | 1 |
_aBarret, C. K., _eautor. |
|
| 245 | 1 | 3 |
_aEl evangelio según San Juan : _buna introducción con comentario y notas a partir del texto griego / _cC. K. Barret. |
| 264 | 1 |
_aMadrid : _bCristiandad, _c2003. |
|
| 300 |
_a977 páginas ; _c23 centímetros |
||
| 336 |
_atext _2rdacontent |
||
| 337 |
_aunmediated _2rdamedia |
||
| 338 |
_avolume _2rdacarrier |
||
| 504 | _aNotas biblilográficas al pie de algunas páginas. | ||
| 505 | 0 | _aCaracterísticas y finalidad del evangelio -- Ámbito no cristiano del evangelio -- Ámbito cristiano del evangelio -- Teología del evangelio -- Texto del evangelio -- Cometarios y notas -- Prólogo -- El testimonio de Juan el Bautista -- Los primeros discípulos -- La primera señal en Caná -- La purificación del templo -- Nicodemo -- El testimonio de Juan el Bautista -- La mujer samaritana -- Curación del hijo de un funcionario -- Señal y controversia en sábado -- Jesús y el Padre -- Multiplicación de panes y peces -- Jesús camina sobre el agua -- El pan del cielo. | |
| 526 | _aSEG42 | ||
| 526 | _aSEG41 | ||
| 526 | _aSEG40 | ||
| 526 | _aSEG39 | ||
| 526 | _aP94 | ||
| 526 | _aP87 | ||
| 526 | _aP86 | ||
| 526 | _aP85 | ||
| 526 | _aP77 | ||
| 526 | _aP76 | ||
| 526 | _aP35 | ||
| 541 | _g007-0020527; | ||
| 630 |
_aBiblia. _pN.T. _pJuan _xComentarios. |
||
| 700 | 1 |
_aMínguez, Dionisio, _eTraductor. |
|
| 910 |
_agl _bjv _cng _d20091223 |
||
| 942 |
_2ddc _cBOOK |
||
| 949 |
_a226.5 B23 _wDEWEY _c1 _i60928 _d2015-9-28 _e2015-9-27 _lCCODEBUL1 _mBUL _n1 _p59.00 _r0 _sY _tBOOK _u2015-7-6 _xTEOLOGIA _zUNKNOWN _0COMPRA _o.STAFF. Colección General |
||
| 994 |
_aC0 _bPEPRU |
||
| 596 | _a1 | ||
| 999 |
_a226.5 B23 _wDEWEY _c50282 _i60928 _d50282 _e2018-1-10 _f2021-11-9 _g5 _lCCODEBUL1 _mBUL _n6 _p59.00 _q24 _r0 _sY _tBOOK _u2015-7-6 _xTEOLOGIA _PP35 _0COMPRA _o.STAFF. Colección Teología |
||
| 980 |
_81 _gALBERTO SANCHEZ Responsable de Automatización |
||